Действие активаторов в реакциях Барбье-Гриньяра; Сообщения о научно-технических работах в Республике

Bibliografiset tiedot
Parent link:Сообщения о научно-технических работах в Республике.— 1922
Päätekijä: Молодых И. И.
Kieli:venäjä
Julkaistu: 1922
Aiheet:
Aineistotyyppi: MixedMaterials Kirjan osa
KOHA link:https://koha.lib.tpu.ru/cgi-bin/koha/opac-detail.pl?biblionumber=591370

MARC

LEADER 00000naa0a2200000 4500
001 591370
005 20250103194143.0
035 |a (RuTPU)RU\TPU\tpu\1577 
090 |a 591370 
100 |a 20011210d1922 k||y0rusy50 ca 
101 0 |a rus 
102 |a RU 
200 1 |a Действие активаторов в реакциях Барбье-Гриньяра  |f И. И. Молодых 
463 |t Сообщения о научно-технических работах в Республике  |h Вып. 6  |d 1922 
610 1 |a химические науки 
610 1 |a труды учёных ТПУ 
700 1 |a Молодых  |b И. И. 
801 0 |a RU  |b 63413507  |c 20011210  |g PSBO 
801 2 |a RU  |b 63413507  |c 20061104  |g PSBO 
942 |c CR